• 首页
  • 本馆介绍
  • 公告通知
  • 最新文献
  • 馆藏检索
  • 电子资源
  • 读者导购
  • 参考咨询
  • 我的图书馆
  • 登录
  • 详细信息显示
  • 放入我的书架
  • 预约/预借图书
  • 作者相关作品
  • 分类相关作品
  • 丛书相关作品
  • 出版社相关作品

书目信息

  • 表格格式
  • 工作单格式
  • 卡片格式
题名:
线性电路分析基础
    
 
作者: Bobrow , 鲍勃罗 著 ;李望超 译
分册:  
出版信息: 北京   高等教育出版社  1983
页数: 499页
开本: 25cm
丛书名:
单 册:
中图分类: TM131 , TM13
科图分类:
主题词: 线性电路-电路分析 , 电路理论 , 电路分析-线性电路
电子资源:
ISBN:
000 00814nam0 2200289 45
001 0183000297
005 20070924084549.62
010    @dCNY6.70
091    @a15010.0548
100    @a19950509d1983 emky0chiy0121 ea
101 1  @achi@ceng
102    @aCN@b110000
105    @ay z 000yy
200 10 @a线性电路分析基础@Axian xing dian lu fen xi ji chu@f(美)鲍勃罗(L.S.Bobrow)著@g李望超主译
210    @a北京@c高等教育出版社@d1983
215    @a499页@d25cm
606    @a线性电路-电路分析
606 0  @a电路理论
606    @a电路分析-线性电路
690    @aTM131@v3
690    @aTM13
701 A1 @aBobrow@bL.S.@4著
701  1 @a鲍勃罗@Abao bo luo@bL.S.@4著
702  0 @a李望超@Ali wang chao@4译
801  2 @aCN@bNLC@c20070924
801  0 @aCN@b上海图书馆@c20040524
905    @f3@b136511-513@dTM13@e106
    
    线性电路分析基础/(美)鲍勃罗(L.S.Bobrow)著/李望超主译.-北京:高等教育出版社,1983
    499页;25cm
    
    
    ISBN :CNY6.70
    
●
相关链接 在E读中查询图书 在五车中查询图书 在当当中查询图书 在豆瓣中查询图书


正题名:线性电路分析基础     索取号:TM13/106         预约/预借

序号 登录号 条形码 馆藏地/架位号 状态 备注
1 0136511   001343148   第三借阅区/ [索取号:TM13/106] 在馆    
2 0136512   001343102   密集书库/ [索取号:TM13/106] 在馆    
3 0136513   001343184   第二样本阅览室/ [索取号:TM13/106] 在馆    
4 0624676   206246766   密集书库/ [索取号:TM13/106] 在馆    
唐山师范学院图书馆 欢迎您!
大连网信软件有限公司© 版权所有